000 00778nas a2200277 4500
001 BR0800868
003 BR-BrBNA
005 20231205111607.0
007 ta
008 230509b bl.|||p| |||| 00| 00por d
040 _aBR-BrBNA
_bpor
_cBiblioteca Nacional de Agricultura
041 _a(Pt)
072 _aL73; L70
100 1 _aFigueiredo, J.B.
245 1 _aPasteureloses
650 _aPASTEURELOSE
650 _aBOVINO
650 _aAPARELHO RESPIRATÓRIO
650 _aAPARELHO REPRODUTOR
650 _aETIOLOGIA
650 _aDIAGNÓSTICO
650 _aMINAS GERAIS
773 0 _tRevista Brasileira de Reprodução Animal (Brazil)
_xISSN 0102-0803
_g(1997), v. 21(3) p. 40-48
_wBR0800868
909 _a202311
_bLúcia
_c55
_dLúcia Elande
942 _2AGRIS
_n0
_cANA
999 _c193447
_d193447